MARC

LEADER 00000nam0a2200000 4500
001 250349
005 20231101232545.0
010 |a 5020006912 
020 |a RU  |b 89-11901 
035 |a (RuTPU)RU\TPU\book\272537 
090 |a 250349 
100 |a 20140212d1989 k y0rusy5003 ca 
101 0 |a rus 
102 |a RU 
105 |a a z 001zy 
200 1 |a Глубинная геоэлектрика в океане  |f М. Н. Бердичевский, О. Н. Жданова, М. С. Жданов  |g Отв. ред. Б. С. Светов  |d Marine deep geoelectricity 
210 |a Москва  |c Наука  |d 1989 
215 |a 77,[3] с.  |c ил. 
225 1 |a Результаты исследований по международным геофизическим проектам  |f Междувед. геофиз. ком. при президиуме АН СССР 
320 |a Библиогр.: с. 76-77 (82 назв.). 
510 1 |a Marine deep geoelectricity  |z eng 
606 1 |a Океанографические исследования  |x Аппаратура  |2 stltpush  |3 (RuTPU)RU\TPU\subj\46862  |9 65955 
610 1 |a электромагнитные явления 
610 0 |a океаны 
610 1 |a геоэлектрика 
610 1 |a геоэлектрические исследования 
610 1 |a морские глубины 
610 1 |a геомагнитные аномалии 
675 |a 551.46.07  |z rus 
700 1 |a Бердичевский  |b Марк Наумович  |4 070 
701 1 |a Жданова  |b О. Н. 
701 1 |a Жданов  |b М. С. 
702 1 |a Светов  |b Б. С.  |4 340 
801 0 |a RU  |b RuMRKP  |c 19950417  |g psbo 
801 1 |a RU  |b 63413507  |c 20140212 
801 2 |a RU  |b 63413507  |c 20140217  |g RCR 
942 |c BK